| 000 | 00897nam a2200277 a 4500 | ||
|---|---|---|---|
| 001 | 991033446029706706 | ||
| 003 | ES-BaIT | ||
| 005 | 20251002095537.0 | ||
| 008 | 110530|---- sp |||||||||||||| ||spa|c | ||
| 020 | _a9788496837140 | ||
| 035 | _a(ES-BaCBU).b48978607 | ||
| 040 |
_aES-BaCBU _bcat _cES-BaCBU |
||
| 080 | _a860-2"20" | ||
| 100 | 1 |
_aSolo, Ángel, _d1964- _998787 |
|
| 245 | 1 | 0 |
_aCabaretEros: _b(Irma y Ariadna)/ _cÁngel Solo |
| 250 | _a1ª ed. | ||
| 260 |
_a[Madrid] : _bComunidad de Madrid. Consejería de educación y cultura : _bAsociación de autores de teatro, _cDL 2009 |
||
| 300 | _a83 p. | ||
| 500 | _aP3: H3 i altres | ||
| 650 | 0 |
_aTransvestits _xTextos dramàtics _9167329 |
|
| 830 |
_aDamos la palabra. _pTextos _v53 _975788 |
||
| 907 |
_a.b48978607 _b11-12-19 _c30-05-11 _d30-05-11 _em _fa _g- _hspa _isp _j0 _k0 |
||
| 908 |
_aUPF _aCDMAE |
||
| 940 | _aUPF | ||
| 942 |
_2udc _c1 |
||
| 999 |
_c136616 _d136616 |
||